Kompostovanie čistiarenského biologického kalu s obsahom ropných látok

Bibliographic Details
Main Author: Sádovský, Michal (Author)
Format: Article
Language:Slovak
PhysicalDescription:Obr., tab.
ISSN:0551-3677
Subjects:

MARC

LEADER 00000nab a2200000 a 4500
001 vtls000796257
003 SK-MaSNL
005 20260305043948.0
008 250429c2002 xo 0 slo
015 |a SNBRB2002/05-18062 
035 |a CLN000147912 
035 |a urn:nbn:sk:snk-ab1gjh 
035 |a (urnnbn)urn:nbn:sk:snk:ar-003kmh 
035 |a (uuid)32113e4d-5716-408d-8072-2f5c89e7febe 
040 |a SNKBUCL  |b slo  |c SNKBUCL  |e AACR2 
041 0 |a slo 
044 |a xo  |c SK 
080 |a 628.473:631.879.4:631.45  |2 1997 
080 |a 631.879.4  |2 1997 
080 |a 631.45  |2 1997 
080 |a 628.381  |2 1997 
100 1 |a Sádovský, Michal  |4 aut  |9 788200 
245 1 0 |a Kompostovanie čistiarenského biologického kalu s obsahom ropných látok  |c Michal Sádovský 
300 |b Obr., tab. 
504 |a Res. angl., slov. 
504 |a Bibliogr. odkazy 
650 0 7 |a kaly biologické čistiarenské  |x kompostovanie  |x látky ropné  |2 snkbucl  |9 1626912 
650 0 7 |a biodegradácia  |x látky ropné  |2 snkbucl  |9 1626913 
650 0 7 |a kompostovanie  |x látky ropné  |2 snkbucl  |9 1626914 
650 0 7 |a ropné látky  |2 snkbucl  |9 30978 
655 7 |a články z novín a časopisov  |2 snkbucl  |9 267496 
773 0 |t Agriculture  |g Roč. 48, č. 1 (2002), s. 35-43  |x 0551-3677 
850 |a Slovenská národná knižnica 
852 |a Slovenská národná knižnica 
954 |a odborná, vedecká literatúra pôvodná (slovenská)  |2 lita 
958 |a article27 
958 |a OND 
958 |a NB 
958 |a EUIPO 
992 |a RBX 
999 |c 3355928  |d 3357858